[Event "FRA-chT U20 0809"]
[Site "Sautron"]
[Date "2009.01.02"]
[Round "6.10"]
[White "Barbaud, Clement"]
[Black "Chevalier, Ezio"]
[Result "0-1"]
[WhiteElo "1009"]
[BlackElo "1410"]
[PlyCount "86"]
[EventDate "2008.10.??"]
[EventType "team-tourn"]
[EventRounds "11"]
[EventCountry "FRA"]
[SourceTitle "EXT 2010"]
[Source "ChessBase"]
[SourceDate "2010.11.25"]
[SourceVersion "1"]
[SourceVersionDate "2010.11.25"]
[SourceQuality "1"]

1. e4 d6 2. d4 Nf6 3. Nc3 c6 4. Bc4 Bg4 5. Be2 Bxe2 6. Ngxe2 e6 7. 0-0 d5 8. exd5 cxd5 9. Nb5 Na6 10. Nec3 Bb4 11. a3 Bxc3 12. Nxc3 Nc7 13. Re1 0-0 14. Qf3 Qd7 15. Qg3 Rfc8 16. Bh6 g6 17. Re3 Nce8 18. Rf3 Nh5 19. Qe5 Qd6 20. Qxd6 Nxd6 21. Re1 Nf5 22. g4 Nxh6 23. gxh5 Nf5 24. hxg6 hxg6 25. Rf4 Rc4 26. Rd1 Rb8 27. Rd3 b5 28. b3 Rc6 29. h3 a5 30. b4 axb4 31. axb4 Rbc8 32. Nxb5 Rxc2 33. Ra3 Rb8 34. Nc3 Rxb4 35. Ra8+ Kg7 36. Na2 Rxd4 37. Rxd4 Nxd4 38. Nb4 Rc4 39. Nd3 Nf5 40. Ra7 Rd4 41. Ne5 Kf6 42. Nxf7 Nh4 43. Nd6 Rd1+ 0-1